| 000 | 02980ngm a2200457 4500 | ||
|---|---|---|---|
| 003 | dpl | ||
| 005 | 20100306111929.0 | ||
| 007 | DVD | ||
| 008 | ||||||sp199 xxu|||||c ||| 00| 0 ng d | ||
| 010 | _aDVD-006061-6066 & DVDF-006413-6415 | ||
| 024 | _c69.00 | ||
| 035 | _aDVD-006061-6066 | ||
| 035 | _aDVD-006413-6415 | ||
| 040 |
_aDPL _cDPL |
||
| 082 | _aDVD SIXT | ||
| 245 |
_a16th December _cIDream Production Presents _h[videorecording] DVD/ |
||
| 246 | _aSixteenth December | ||
| 260 | _bEagle Home Entertainment | ||
| 300 |
_a1 videodisc DVD; _bsd., col. ; _c4 3/4 in. _fDVD |
||
| 440 | _aEagle Video Home Entertainment | ||
| 538 | _aDolby Digital 5.1 - Hindi Subtitles: English | ||
| 650 | _aMotion Picture | ||
| 700 | _aShankar, Mani | ||
| 700 | _aDenzongpa, Danny | ||
| 700 | _aGrover, Gulshan | ||
| 700 | _aSoman, Milind | ||
| 700 | _aSingh, Sushant | ||
| 700 | _aSharma, Dipannita | ||
| 942 |
_cCF _2ddc _hDVD _mSIXT |
||
| 999 |
_c34454 _d34454 |
||